Statistics for Cross Flags of Europe - All

Click here to take the quiz!

General Stats

  • This quiz has been taken 226 times
  • The average score is 15 of 19

Answer Stats

Answer% Correct
Finland
97%
Sweden
97%
Norway
95%
Denmark
93%
United Kingdom
92%
Iceland
89%
Switzerland
83%
Greece
81%
Malta
81%
Slovakia
81%
Vatican City
77%
Andorra
74%
Spain
73%
Serbia
71%
Liechtenstein
66%
San Marino
66%
Moldova
64%
Montenegro
62%
Belarus
57%

Score Distribution

Percentile by Number Answered

Percent of People with Each Score

Your Score History

You have not taken this quiz